Técnicas de estudio para aprender y aprobar (Registro nro. 2430)
[ vista simple ]
| 000 -Cabecera | |
|---|---|
| Campo de control de longitud fija | 00815aam a2200325 4500 |
| 005 - Fecha y hora de la última transacción | |
| Campo de control | 20260428171607.0 |
| 008 - Elementos de longitud fija--Información general | |
| Campo de control de longitud fija | 150529b2010 xxu||||| |||| 00| 0 spa d |
| 020 ## - International Standard Book Number | |
| Número Internacional Estándar del Libro (ISBN) | 9788449440618 |
| 041 ## - Idioma | |
| Código de idioma | Español |
| 082 ## - Clasificación Decimal Dewey | |
| Número de clasificación | 371.302.81 T255t |
| 245 ## - Título propiamente dicho | |
| Título | Técnicas de estudio para aprender y aprobar |
| 260 ## - Pie de imprenta | |
| Lugar de publicación, distribución, etc. | España |
| 260 ## - Pie de imprenta | |
| Nombre del editor, distribuidor, etc. | Océano |
| 260 ## - Pie de imprenta | |
| Fecha de publicación, distribución, etc. | 2010 |
| 300 ## - Descripción física | |
| Extensión | 230 páginas |
| 490 ## - Serie | |
| Título de la Serie | Temática General |
| 650 ## - Materia general | |
| Temática (materia general) | TÉCNICAS DE ESTUDIO |
| 650 ## - Materia general | |
| Temática (materia general) | PLANEAMIENTO DE ESTUDIO |
| 650 ## - Materia general | |
| Temática (materia general) | USO DE LA INFORMACIÓN |
| 650 ## - Materia general | |
| Temática (materia general) | ESTUDIO DE CALIDAD |
| 650 ## - Materia general | |
| Temática (materia general) | FASES DEL ESTUDIO |
| 650 ## - Materia general | |
| Temática (materia general) | LECTURA |
| 650 ## - Materia general | |
| Temática (materia general) | CONOCIMIENTOS PREVIOS |
| 650 ## - Materia general | |
| Temática (materia general) | MEMORIA |
| 650 ## - Materia general | |
| Temática (materia general) | MAPAS CONCEPTUALES |
| 650 ## - Materia general | |
| Temática (materia general) | METAS |
| 650 ## - Materia general | |
| Temática (materia general) | OBJETIVOS |
| 650 ## - Materia general | |
| Temática (materia general) | RESUMEN |
| 942 ## - Punto de acceso adicional KOHA | |
| Tipo de ítem KOHA | Libro |
| Fuente del sistema de clasificación o colocación | Dewey Decimal Classification |
| Signatura completa | Código de barras | Programa Académico | Tipo de ítem |
|---|---|---|---|
| 371.302.81 T255t | 15276 | Temática General | Libro |